000 00707nab a2200217 4500
003 BR-BrBNA
005 20250430104055.0
008 250430b bl.||||| |||| 00| 0 por d
040 _aBR-BrBNA
_bpor
072 _aA50 ; F30 ; L10 ; H01 ; L70
100 _aNetto, Ibiapaba
245 _aO cabo de guerra das ONGs
_bAgroeconomia
500 _a2 illus.
650 _aTRANSGENIA
650 _aVARIEDADE
650 _aPESQUISA
650 _aBIOSSEGURANÇA
773 0 _01706
_9347862
_dSão Paulo-SP Editora Três Ltda - E-mail: luizfsa@revistadinheiro.com.br 2004
_o2025-0363
_tDinheiro Rural (Brazil)
_x1807-3700
_gv. 4(32) p. 36; (Jun 2007)
_wBR2025000880
942 _cANA
999 _c331280
_d331280